000 00515nam a2200181Ia 4500
008 100920s9999 xx 000 0 und d
082 _b26688
_a--- थ 71
100 _aभेण्डे सुभाष.
245 _aअदेशी.
260 _bहंस प्रकाशन, पुणे.
_c1971
300 _a134
_bसाधी
365 _b5
520 _aकादंबरी.
630 _aअदेशी.
650 _aकादंबरी.
730 _aअदेशी.
942 _cBOOK
999 _c683890
_d683887